Score 0/34 Timer 03:00
0 Plays Today
Clue 4-Letter Word % Correct
❢ YOU ____ LIVE TWICE ❢❢ ONLY ❢
98%
'To ____ a Mockingbird'KILL
96.6%
River of EgyptNILE
94.5%
Bad to the ____BONE
92.9%
Zero, zip, nillNONE
92.3%
Liver fluidBILE
92.2%
An invoiceBILL
92%
❢ CAT O' ____ TAILS ❢❢ NINE ❢
91.8%
GreasyOILY
91.5%
Make dinnerCOOK
90.5%
I ____ the SheriffSHOT
90%
Tartan skirtKILT
88.9%
❢ LITTLE ____ OF HORRORS ❢❢ SHOP ❢
87.5%
Catalog or diaryBOOK
86.5%
Clout on the nogginBONK
82.6%
Arrange into pilesSORT
81.3%
❢ YOUR OTHER RIGHT ❢❢ LEFT ❢
80.4%
Clue 4-Letter Word % Correct
❢ ____ OF OUR LIVES ❢❢ DAYS ❢
80%
Santa's smudgeSOOT
78.9%
Tavern measurePINT
78.1%
Lion's cavesDENS
75.8%
Chemical giant, Du ____PONT
75.7%
Facial cut of mutton?CHOP
74.1%
Mr. Patrick and Mr. RatherDANS
73.1%
❢ SONAR SOUND ❢❢ PING ❢
72.6%
Minor dentDING
72%
Tomlin or Munster, e.g.LILY
71.4%
Make a barrel?COOP
70.9%
Impact markDENT
70.7%
Mild expletiveDANG
69.6%
It might be tawnyPORT
68.6%
Sing like a birdLILT
68.3%
AdroitDEFT
64.2%
Ottoman rulersDEYS
63.3%

Today's Daily Dose

Word Ladder
I Have a Dream

Get the Picture
January Holidays

Remove Ads.
Support Sporcle.
Get the best of Sporcle when you Go Orange. This ad-free experience offers more features, more stats, and more fun while also helping to support Sporcle. Thank you for becoming a member.

You're not logged in!

Compare scores with friends on all Sporcle quizzes.
OR
Log In

Show Comments

Extras

Top Quizzes Today


Score Distribution

Your Account Isn't Verified!

In order to create a playlist on Sporcle, you need to verify the email address you used during registration. Go to your Sporcle Settings to finish the process.

Report this User

Report this user for behavior that violates our Community Guidelines.

Details: